| 000 | 00860nam a2200241 i 4500 | ||
|---|---|---|---|
| 001 | 99443 | ||
| 003 | ES-MaACL | ||
| 005 | 20250822094344.0 | ||
| 007 | t| | ||
| 008 | 050908s1974 sp ||||1| spa d | ||
| 020 | _a84-265-5060-6 | ||
| 080 | _a37.018.523 | ||
| 100 | 1 |
_aMartinell Gifre, Francisco. _9171824 |
|
| 245 | 1 | 3 |
_aLa juventud del silencio : _btestimonios y experiencias de las Escuelas Familiares Agrarias / _cFrancisco Martinell. |
| 260 |
_aMadrid : _bMagisterio Español, _c1974. |
||
| 300 |
_a190 p. ; _c23 cm. |
||
| 490 | 1 | _aBiblioteca de ciencias de la educación. Técnica | |
| 610 | 2 | 4 |
_aEscuelas Familiares Agrarias. _9173054 |
| 650 | 4 |
_aEscuelas familiares agrarias. _9173055 |
|
| 830 | 1 | 0 |
_aBiblioteca de ciencias de la educación (Magisterio Español) _9181788 |
| 852 |
_aES-MaACL _jE-7542 |
||
| 999 |
_c99443 _d99443 |
||